00000000nam 2200000zi 4500
0019.947483
003CaOODSP
00520250129102813
006m     o  d f      
007cr cn|||||||||
008250129t20022002qucabd  ob   f000 0 fre d
020 |z0662879813
040 |aCaOODSP|bfre|erda|cCaOODSP
043 |an-cn---|an-us---
0861 |aEn57-52/120F-PDF|zEn56-184/2002F
1001 |aFortin, Patrice, |eauteur.
24510|aPost-traitement, validation et intégration des données LIDAR dans le modèle numérique de terrain du fleuve Saint-Laurent / |cPatrice Fortin, Sylvain Martin et André Plante.
264 1|aSainte-Foy : |bEnvironnement Canada, |c2002.
264 4|c©2002
300 |a1 ressource en ligne (vii, 33 pages) : |billustrations, cartes, graphiques.
336 |atexte|btxt|2rdacontent/fre
337 |ainformatique|bc|2rdamedia/fre
338 |aressource en ligne|bcr|2rdacarrier/fre
4901 |aRapport technique SMC Québec - Section hydrologie ; |vRT-120
500 |aTitre de la couverture.
500 |a« Septembre 2002. »
500 |aÉdition numérisée de l'imprimé [par Environnement et changement climatique Canada].
500 |aPublié aussi en anglais sous le titre : Post-processing, validation and integration of LIDAR data into the St. Lawrence River digital terrain model.
500 |aLe numéro de catalogue (En56-184/2002F) et l'ISBN (0662879813) de l'édition imprimée ont été copiés dans l'édition électronique.
500 |a« Préparé pour le Groupe en Besoin de Données Communes du Groupe d'étude international sur le lac Ontario et le fleuve Saint-Laurent (Commission Mixte Internationale). »
504 |aComprend des références bibliographiques (page 30).
5203 |a« Trois nouvelles améliorations ont été amenées au modèle numérique de terrain (MNT) du fleuve Saint-Laurent qui aideront à améliorer les prédictions des impacts des changements des niveaux d'eau sur l'écosystème du Saint-Laurent. Ces améliorations ont été identifiées comme travail livrable par le Groupe en Besoin de Données Communes (Common Data Needs Group) lors d'une réunion tenue à Burlington à la fin du mois d'août 2002 » -- Résumé, page iv.
650 6|aNiveau des eaux|zSaint-Laurent (Fleuve)|xInformatique.
7102 |aService météorologique du Canada. |bRégion du Québec. |bSection hydrologie‏, |eorganisme de publication.
77508|tPost-processing, validation and integration of LIDAR data into the St. Lawrence River digital terrain model / |w(CaOODSP)9.925614
830#0|aRapport technique SMC - Section hydrologie ;|vRT-120.|w(CaOODSP)9.920057
85640|qPDF|s1.25 Mo|uhttps://publications.gc.ca/collections/collection_2025/eccc/en57/En57-52-120-fra.pdf